| 000 | 01469nam a22002297a 4500 | ||
|---|---|---|---|
| 999 |
_c58003 _d58003 |
||
| 005 | 20220624095000.0 | ||
| 008 | 210420s2021 ge ||||| |||| 00| 0 rus d | ||
| 041 | _arus | ||
| 080 | _a821 Д-82 | ||
| 100 |
_aДумбадзе, Анастасия _911455 |
||
| 245 |
_aЛингвокультурологические проблемы перевода и способы их преодоления (на примере русского, украинского и грузинского языков) / _cАнастасия Думбадзе; Научный руководитель Нино Арошидзе; Батумский гос. университет Шота Руставели. |
||
| 264 |
_aБатуми, _c2021. |
||
| 300 |
_a164 стр. _b30 см. |
||
| 653 | _aЛингвокультурологические проблемы перевода и способы их преодоления (на примере русского, украинского и грузинского языков) | ||
| 653 | _aლინგვისტიკა | ||
| 653 | _aЛингвистика | ||
| 653 | _aДиссертация | ||
| 653 | _aდისერტაცია | ||
| 700 |
_aАрошидзе, Нино _eНаучный руководитель _911456 |
||
| 710 |
_aБатумский гос. университет Шота Руставели _dФакультет гуманитарных наук. Лингвистика _911457 |
||
| 942 |
_2udc _cDS |
||